2023年に開催されたJRA平地GⅠ競走の結果 - Statistics

General Stats
  • This quiz has been taken 30 times
  • The average score is 29 of 72
Answer Stats
競走名・着順 騎手名 単勝人気 馬名 % Correct
フェブラリーS 1着 坂井瑠星 1番人気 レモンポップ
96%
桜花賞 1着 川田将雅 1番人気 リバティアイランド
88%
皐月賞 1着 横山武史 2番人気 ソールオリエンス
84%
大阪杯 1着 武豊 2番人気 ジャックドール
72%
オークス 1着 川田将雅 1番人気 リバティアイランド
68%
秋華賞 1着 川田将雅 1番人気 リバティアイランド
68%
皐月賞 2着 松山弘平 5番人気 タスティエーラ
64%
天皇賞(春)2着 和田竜二 5番人気 ディープボンド
64%
日本ダービー 1着 D.レーン 4番人気 タスティエーラ
64%
日本ダービー 2着 横山武史 1番人気 ソールオリエンス
64%
宝塚記念 1着 C.ルメール 1番人気 イクイノックス
64%
菊花賞 1着 C.ルメール 4番人気 ドゥレッツァ
64%
天皇賞(秋)1着 C.ルメール 1番人気 イクイノックス
64%
天皇賞(春)1着 C.ルメール 2番人気 ジャスティンパレス
60%
ジャパンカップ 1着 C.ルメール 1番人気 イクイノックス
60%
ジャパンカップ 2着 川田将雅 2番人気 リバティアイランド
60%
宝塚記念 2着 池添謙一 10番人気 スルーセブンシーズ
56%
菊花賞 3着 横山武史 1番人気 ソールオリエンス
56%
チャンピオンズカップ 1着 坂井瑠星 1番人気 レモンポップ
56%
有馬記念 1着 武豊 2番人気 ドウデュース
56%
有馬記念 2着 C.ルメール 7番人気 スターズオンアース
56%
有馬記念 3着 横山和生 6番人気 タイトルホルダー
56%
高松宮記念 1着 団野大成 12番人気 ファストフォース
52%
桜花賞 2着 鮫島克駿 6番人気 コナコースト
52%
安田記念 1着 戸崎圭太 4番人気 ソングライン
52%
スプリンターズS 1着 川田将雅 3番人気 ママコチャ
52%
マイルチャンピオンシップ 1着 藤岡康太 5番人気 ナミュール
52%
大阪杯 2着 C.ルメール 1番人気 スターズオンアース
48%
NHKマイルC 1着 内田博幸 9番人気 シャンパンカラー
48%
菊花賞 2着 J.モレイラ 2番人気 タスティエーラ
48%
高松宮記念 2着 浜中俊 2番人気 ナムラクレア
44%
ヴィクトリアマイル 1着 戸崎圭太 4番人気 ソングライン
44%
宝塚記念 3着 鮫島克駿 2番人気 ジャスティンパレス
44%
チャンピオンズカップ 2着 原優介 12番人気 ウィルソンテソーロ
44%
天皇賞(春)3着 D.レーン 6番人気 シルヴァーソニック
40%
天皇賞(秋)2着 横山武史 6番人気 ジャスティンパレス
40%
チャンピオンズカップ 3着 B.ムルザバエフ 9番人気 ドゥラエレーデ
40%
ヴィクトリアマイル 2着 D.レーン 3番人気 ソダシ
36%
フェブラリーS 3着 浜中俊 4番人気 メイショウハリオ
32%
桜花賞 3着 横山武史 5番人気 ペリファーニア
32%
皐月賞 3着 C.ルメール 1番人気 ファントムシーフ
32%
安田記念 3着 C.ルメール 1番人気 シュネルマイスター
32%
スプリンターズS 3着 浜中俊 1番人気 ナムラクレア
32%
フェブラリーS 2着 川田将雅 3番人気 レッドルゼル
28%
NHKマイルC 3着 武豊 3番人気 オオバンブルマイ
28%
ヴィクトリアマイル 3着 C.ルメール 1番人気 スターズオンアース
28%
エリザベス女王杯 1着 C.ルメール 1番人気 ブレイディヴェーグ
28%
ジャパンカップ 3着 W.ビュイック 5番人気 スターズオンアース
28%
阪神ジュベナイルフィリーズ 1着 北村宏司 3番人気 アスコリピチェーノ
28%
朝日杯フューチュリティS 1着 川田将雅 1番人気 ジャンタルマンタル
28%
ホープフルS 1着 C.ルメール 1番人気 レガレイラ
28%
大阪杯 3着 横山和生 10番人気 ダノンザキッド
24%
NHKマイルC 2着 横山武史 8番人気 ウンブライル
24%
オークス 2着 C.ルメール 2番人気 ハーパー
24%
オークス 3着 斎藤新 15番人気 ドゥーラ
24%
スプリンターズS 2着 坂井瑠星 6番人気 マッドクール
24%
秋華賞 2着 岩田望来 3番人気 マスクトディーヴァ
24%
秋華賞 3着 C.ルメール 2番人気 ハーパー
24%
安田記念 2着 D.レーン 3番人気 セリフォス
20%
ホープフルS 2着 B.ムルザバエフ 2番人気 シンエンペラー
20%
ホープフルS 3着 菅原明良 13番人気 サンライズジパング
20%
日本ダービー 3着 松山弘平 6番人気 ハーツコンチェルト
16%
天皇賞(秋)3着 川田将雅 3番人気 プログノーシス
16%
エリザベス女王杯 3着 川田将雅 3番人気 ハーパー
16%
マイルチャンピオンシップ 2着 J.モレイラ 3番人気 ソウルラッシュ
16%
朝日杯フューチュリティS 2着 武豊 4番人気 エコロヴァルツ
16%
高松宮記念 3着 丹内祐次 13番人気 トゥラヴェスーラ
12%
マイルチャンピオンシップ 3着 坂井瑠星 7番人気 ジャスティンカフェ
12%
阪神ジュベナイルフィリーズ 2着 C.ルメール 5番人気 ステレンボッシュ
12%
阪神ジュベナイルフィリーズ 3着 横山武史 2番人気 コラソンビート
12%
エリザベス女王杯 2着 松山弘平 5番人気 ルージュエヴァイユ
8%
朝日杯フューチュリティS 3着 団野大成 5番人気 タガノエルピーダ
8%
No matching quizzes found
Score Distribution
Percent of People with Each Score
Percentile by Number Answered
Your Score History
You have not taken this quiz